| 000 | 00463nam a2200181Ia 4500 | ||
|---|---|---|---|
| 005 | 20250508151106.0 | ||
| 008 | 008 250505s9999 xx 000 0 eng d | ||
| 037 | _aTextual | ||
| 040 |
_aFEDL _beng _cFEDL |
||
| 041 |
_aeng _2eng |
||
| 084 |
_a740, WOO _qFEDL |
||
| 100 | _aWood Charles | ||
| 245 | 0 | _aHow to draw portraits | |
| 260 |
_aLondon, UK _bThe Studio _c1951 |
||
| 300 | _a64p. | ||
| 942 |
_cTEXL _h740, WOO |
||
| 999 |
_c1327543 _d1327543 |
||